<?xml version="1.0" encoding="UTF-8"?>
<collection xmlns="http://www.loc.gov/MARC21/slim">
 <record>
  <leader>     na                 </leader>
  <controlfield tag="001">INLIS000000000009865</controlfield>
  <controlfield tag="005">20220112120805</controlfield>
  <datafield tag="035" ind1=" " ind2=" ">
   <subfield code="a">0010-0721005124</subfield>
  </datafield>
  <controlfield tag="008">220112                g          0 ind  </controlfield>
  <datafield tag="245" ind1="1" ind2=" ">
   <subfield code="a">Manajemen Pemasaran Untuk Rumah Sakit</subfield>
  </datafield>
  <datafield tag="100" ind1=" " ind2=" ">
   <subfield code="a">Hartono, Bambang</subfield>
  </datafield>
  <datafield tag="260" ind1=" " ind2=" ">
   <subfield code="a">Jakarta :</subfield>
   <subfield code="b">Rineka Cipta,</subfield>
   <subfield code="c">2010</subfield>
  </datafield>
  <datafield tag="300" ind1=" " ind2=" ">
   <subfield code="a">282 hlm. ;</subfield>
   <subfield code="c">24 cm.</subfield>
  </datafield>
  <datafield tag="020" ind1=" " ind2=" ">
   <subfield code="a">978-979-518-992-3</subfield>
  </datafield>
  <datafield tag="084" ind1=" " ind2=" ">
   <subfield code="a">362.106.8 HAR m</subfield>
  </datafield>
  <datafield tag="520" ind1=" " ind2=" ">
   <subfield code="a">Manajemen Pemasaran Untuk Rumah sakit Dewasa ini Rumah Sakit telah berkembang menjadi organisasi semi bisnis. karena itu Rumah Sakit harus bersifat Sosio ekonomik. Dengan cara bagaimanapun, Rumah Sakit harus dapat meningkatkan pendapatannya untuk menutup pengeluarannya. dewasa ini hampir dapat dikatakan, Rumah Sakit tidak banyak menerima bantuan/subsidi, terutama dari Pemerintah. Maka, Rumah Sakit memerlukan pemasaran. Pemasaran Rumah Sakit sesungguhnya merupakan mekanisme pemberian informasi kepada calon konsumen/pasien, agar konsumen memahami produk dan dapat mengambil keputusan yang prudent tentang Iayanan yang akan dikonsumsinya. Sampai awal abad 21, pemasaran Rumah Sakit memang merupakan sesuatu yang dianggap tabu oleh dunia kedokteran dan kesehatan, termasuk dalam pengelolaan Rumah Sakit. Padahal sesungguhnya pemasaran adalah konsep sekaligus metode untuk menjadikan sebuah Rumah Sakit berorientasi kepada klien/pasiennya. Buku ini akan memberikan wawasan, bukan saja kepada mahasiswa, juga kepada praktisi manajemen Rumah Sakit. Dalam buku ini diangkat Konsep Pemasaran untuk Rumah Sakit Rumah Sakit yang responsif/adaptif, Riset dan Informasi Pemasaran Hubungan Masyarakat Mengorganisasi Pemasaran, dll.</subfield>
  </datafield>
  <datafield tag="082" ind1=" " ind2=" ">
   <subfield code="a">362.106.8</subfield>
  </datafield>
  <datafield tag="650" ind1=" " ind2="4">
   <subfield code="a">Manajemen</subfield>
  </datafield>
  <datafield tag="650" ind1=" " ind2="4">
   <subfield code="a">Rumah Sakit</subfield>
  </datafield>
  <datafield tag="863" ind1=" " ind2=" ">
   <subfield code="a">1</subfield>
  </datafield>
  <datafield tag="990" ind1=" " ind2=" ">
   <subfield code="a">13027</subfield>
  </datafield>
  <datafield tag="990" ind1=" " ind2=" ">
   <subfield code="a">052945</subfield>
  </datafield>
  <datafield tag="990" ind1=" " ind2=" ">
   <subfield code="a">052950</subfield>
  </datafield>
  <datafield tag="990" ind1=" " ind2=" ">
   <subfield code="a">052945</subfield>
  </datafield>
  <datafield tag="990" ind1=" " ind2=" ">
   <subfield code="a">052946</subfield>
  </datafield>
  <datafield tag="990" ind1=" " ind2=" ">
   <subfield code="a">052947</subfield>
  </datafield>
  <datafield tag="990" ind1=" " ind2=" ">
   <subfield code="a">052948</subfield>
  </datafield>
  <datafield tag="990" ind1=" " ind2=" ">
   <subfield code="a">052949</subfield>
  </datafield>
  <datafield tag="990" ind1=" " ind2=" ">
   <subfield code="a">052945</subfield>
  </datafield>
  <datafield tag="990" ind1=" " ind2=" ">
   <subfield code="a">052946</subfield>
  </datafield>
  <datafield tag="990" ind1=" " ind2=" ">
   <subfield code="a">052947</subfield>
  </datafield>
  <datafield tag="990" ind1=" " ind2=" ">
   <subfield code="a">052948</subfield>
  </datafield>
  <datafield tag="990" ind1=" " ind2=" ">
   <subfield code="a">052949</subfield>
  </datafield>
  <datafield tag="990" ind1=" " ind2=" ">
   <subfield code="a">052949</subfield>
  </datafield>
  <datafield tag="990" ind1=" " ind2=" ">
   <subfield code="a">052945</subfield>
  </datafield>
  <datafield tag="990" ind1=" " ind2=" ">
   <subfield code="a">052946</subfield>
  </datafield>
  <datafield tag="990" ind1=" " ind2=" ">
   <subfield code="a">052947</subfield>
  </datafield>
  <datafield tag="990" ind1=" " ind2=" ">
   <subfield code="a">052948</subfield>
  </datafield>
 </record>
</collection>
